[Event "Poikovsky Karpov 11th"]
[Site "Poikovsky"]
[Date "2010.06.05"]
[Round "4"]
[White "Riazantsev, Alexander"]
[Black "Naiditsch, Arkadij"]
[Result "1/2-1/2"]
[WhiteElo "2674"]
[BlackElo "2686"]
[Annotator "Krasenkow,M"]
[PlyCount "72"]
[EventDate "2010.06.02"]
[EventType "tourn"]
[EventRounds "11"]
[EventCountry "RUS"]
[EventCategory "18"]
[SourceTitle "CBM 137"]
[Source "ChessBase"]
[SourceDate "2010.07.15"]
[SourceVersion "1"]
[SourceVersionDate "2010.07.15"]
[SourceQuality "1"]

1. d4 Nf6 2. c4 e6 3. Nf3 d5 4. Nc3 dxc4 5. e4 Bb4 6. Bg5 c5 7. e5 {This
system, once "the main line" of the Vienna variation, is now a rare guest in
top tournaments. It leads to crazy complications.} cxd4 8. Qa4+ (8. Nxd4 {
is the main alternative. 'Ribli: 'That was my theoretical innovation, which I
was able to try out successfully against Chernin (Ribli,Z - Chernin, A
Subotica 1987). Today this is a theoretical main line.'' 'Ribli: 'Das war
meine theoretische Neuerung, die ich seinerzeit erfolgreich gegen Tschernin
ausprobieren konnte (Ribli,Z - Tschernin, A Subotica 1987). Heutzutage ist
dies eine theoretische Hauptlinie.''}) 8... Nc6 9. O-O-O Bd7 (9... h6) 10. Ne4
Be7 (10... Nxe4 $6 11. Bxd8 Rxd8 12. Nxd4 Bd2+ 13. Rxd2 Nxd2 14. Nxc6 Bxc6 15.
Qa3 $1 Nxf1 16. Rxf1 Rd3 17. Qb4 a5 18. Qxc4 Rd5 19. Rd1 $16 {1-0 Ivanchuk,V 
(2729)-Nisipeanu,L (2693)/Foros 2007/CBM 119/[Ftacnik] (39)}) 11. exf6 gxf6 12.
Bh4 Qc7 $146 {[%mdl 8] Surprisingly, a new move in this well-known position.} (
12... Rc8 {is the main theoretical line. Here is the overview of Black's other
options:}) (12... b5 $2 13. Qxb5 e5 14. Qxc4 Rc8 15. Kb1 O-O 16. Nfd2 Be6 17.
Qa4 Nb4 18. Bxf6 $1 Bxa2+ 19. Ka1 $16 {1/2 Schmidt,W (2425)-Jonkman,H (2270)/
Dresden 1993/TD (76)}) (12... Nb4 $6 13. Qxb4 $1 Bxb4 14. Nxf6+ Kf8 15. Rxd4
Be7 $1 (15... Qa5 16. Nxd7+ Ke8 17. Nf6+ Kf8 18. Bxc4 {'Ribli: 'White has
three minor pieces for the queen, and the black king is insecure.'' 'Ribli:
'Weiß hat drei Leichtfiguren für die Dame, und der schwarze König steht
unsicher.''} Rc8 19. Kb1 $16 {1-0 Fine,R-Gruenfeld,E/Amsterdam 1936/HCL (52)})
16. Ne5 Bb5 (16... Ba4 $143 17. Rxd8+ Rxd8 18. Be2 c3 19. bxc3 Ba3+ 20. Kb1 Rd2
21. Bd3 b5 22. Bg5 Rxf2 23. Ned7+ Kg7 24. Ng4 Rb2+ 25. Ka1 h5 26. Bf6+ Kg8 27.
Nge5 Rxg2 28. Be4 {1-0 Kengis,E (2539)-Darbanvaighani,M (2390)/Abu Dhabi 2006/
CBM 113 ext}) 17. Rxd8+ Rxd8 18. Be2 Kg7 19. Nh5+ Kf8 20. Nf6 {1/2 Greenfeld
Alon (2520)-Kortschnoj Viktor (2640)/Beer-Sheva 1988} (20. Bg3 $16)) (12... Na5
$6 13. Qc2 e5 14. Nxd4 exd4 15. Rxd4 Nc6 $5 (15... Qb6 16. Rd6 $1 Qb4 17. a3
Qa4 18. Nxf6+ Bxf6 19. Bxf6 Qxc2+ 20. Kxc2 Rg8 21. g3 $16 {1-0 Kacheishvili,G 
(2556)-Shchekachev,A (2537)/Trignac 2001/EXT 2002 (62)}) (15... Rc8 16. Qc3 Rc6
17. Be2 Qb6 18. Rd5 Re6 19. Bg4 Rxe4 20. Bxd7+ Kf8 21. Bg5 $1 $16 {1-0 Milos,G
(2510)-Cifuentes Parada,R (2465)/Santiago de Chile 1989/CBM 012 (42)}) 16. Rd6
$1 (16. Rxd7 Qxd7 17. Nxf6+ Bxf6 18. Bxf6 Rg8 19. Bxc4 Rg6 $13 {1/2 Van der
Sterren,P (2470)-Sosonko,G (2535)/Wijk aan Zee 1988/CBM 005 (30)}) 16... Bxd6
$140 17. Nxf6+ Kf8 18. Qd2 $1 $18 {S.Atalik}) (12... Ne5 13. Qc2 (13. Qa3 $6
Nd3+ $1 (13... Bxa3 14. Nxf6+ Kf8 15. Nxe5 $16 {S.Atalik}) (13... O-O 14. Qxe7
Qxe7 15. Nxe5 $16) 14. Rxd3 cxd3 15. Qxd3 Rc8+ 16. Kb1 e5 $13) 13... Ng6 (13...
Nxf3 14. gxf3 e5 15. Rg1 $36) 14. Rxd4 Nxh4 15. Nxh4 f5 16. Nxf5 $1 exf5 17.
Bxc4 fxe4 18. Rhd1 $16 {1-0 Bilsel,S (1963)-Leglise,A (1300)/IECG 2001/
Telechess CBM 105 (28)}) (12... e5 $5 13. Bxc4 a6 (13... O-O 14. Kb1 Rc8 15.
Rc1 $1 Nb4 16. Bb5 (16. Nxf6+ $5 Bxf6 17. Bxf6 Bxa4 18. Bxd8 Rfxd8 19. Nxe5 $14
{0-1 Atalik,S (2551)-Zakharevich,I (2466)/Vladimir 2002/CBM 091/[Atalik] (24)})
16... Bf5 17. Nfd2 a6 18. Be2 b5 19. Qa3 $16 {S.Atalik}) 14. Qb3 $1 (14. Qc2
Na5 15. Kb1 Rc8 16. Nxe5 fxe5 17. Nd6+ Bxd6 18. Bxd8 Nxc4 19. Bf6 Na3+ 20. bxa3
Rxc2 21. Kxc2 Rg8 $15 {1/2 Kanep,M (2504)-Kulaots,K (2525)/Tallinn 2007/CBM
116 ext (34)}) (14. Bd3 b5 15. Qc2 Nb4 16. Qd2 Be6 17. Nxf6+ Bxf6 18. Qxb4 Bxh4
19. Nxh4 Qxh4 20. Rhe1 $44 {1-0 Margvelashvili,G (2478)-Vovk,Y (2549)/Lvov
2008/EXT 2009 (57)}) 14... Na5 $5 {0-1 Anand,V (2788)-Kosteniuk,A (2517)/
Moscow 2009/EXT 2010 (41)} (14... O-O 15. Nfd2 $1 $14) 15. Nxf6+ $1 Bxf6 16.
Bxf7+ Kf8 17. Qa3+ $1 Kg7 $1 (17... Kxf7 18. Nxe5+) (17... Be7 18. Bxe7+ Qxe7
19. Nxe5 $16) 18. Bxf6+ Qxf6 19. Qxa5 Bf5 20. Rd2 $1 Rac8+ 21. Kd1 e4 $1 22.
Nxd4 Bg4+ 23. Ne2 Rhd8 $44) (12... a6 13. Qxc4 e5 14. Nxe5 $1 Nxe5 15. Qxd4
Qc7+ (15... Rc8+ 16. Kb1 O-O (16... Bf5 17. Qa4+ Bd7 18. Qb3 Qc7 19. Bd3 Be6
20. Qa4+ b5 21. Qd4 Rd8 22. Qe3 $36 {1-0 Kunin,V (2546)-Khenkin,I (2644)/Budva
2009/CBM 130 (27)}) 17. Be2 Bf5 18. Qe3 Qa5 19. g4 Be6 (19... Bg6 $5 $132) 20.
a3 Nc4 21. Bxc4 Rxc4 22. Nxf6+ Bxf6 23. Bxf6 Rxg4 24. Bc3 $14 {1-0 Perunovic,M
(2420)-Perunovic,M (2579)/Zlatibor 2008/CBM 125 Extra (50)}) 16. Kb1 (16. Qc3
$6 Rc8 17. Qxc7 Rxc7+ 18. Kb1 Bf5 19. f3 Rg8 (19... O-O 20. Be2 Rfc8 21. Rc1
Nc4 22. Bxc4 Rxc4 $11 {1/2 Riazantsev,A (2632)-Sorokin,M (2561)/Salekhard 2006/
CBM 115 ext (31)}) 20. Bg3 Rc6 21. Bxe5 fxe5 22. g3 Be6 23. Bd3 f5 $15 {
1/2 Malakhatko,V (2596)-Naiditsch,A (2639)/Germany 2008/CBM 124 (41)}) 16...
O-O-O (16... Rc8 17. Be2 Bf5 18. Ka1 Rd8 19. Qe3 Rxd1+ 20. Rxd1 Bxe4 21. Qxe4
O-O 22. Bg3 $14 {1/2 Riazantsev,A (2638)-Perunovic,M (2579)/Plovdiv 2008/CBM
124 (40)}) (16... Bf5 17. Qa4+ Kf8 18. f3 Kg7 19. Be2 b5 20. Qd4 Rhd8 21. Qe3
Nc4 $11 {0-1 Zhou Jianchao (2652)-Wang Hao (2722)/Xinghua CHN 2010/The Week in
Chess 813 (60)}) 17. Rc1 Bc6 18. Qe3 f5 19. Bxe7 Qxe7 20. Nc5 Kb8 21. Bxa6 bxa6
22. Rhe1 $44 {1/2 Lysyj,I (2609)-Wojtaszek,R (2637)/Stockholm 2010/CBM 134
Extra (29)}) 13. Kb1 (13. Bg3 e5 14. Qxc4 b5 $1 $132) 13... Qf4 14. Re1 Nb4 $5
(14... Ne5 15. Qd1 Nxf3 (15... Bc6 16. Qxd4 Qf5 17. Kc1 $1 {[%cal Re4f6]} Rd8
18. Nxf6+ Bxf6 19. Rxe5 Rxd4 20. Rxf5 Bxh4 21. Nxd4 exf5 22. Nxc6 bxc6 23. g3
Bf6 24. Bxc4 $14) 16. Bg3 $1 Qf5 17. gxf3 d3 18. Qd2 $14) 15. Qxb4 $6 {[%mdl
512] "Brilliant" but not quite correct.} (15. Qd1 $142 {, e.g.} Bc6 (15... c3
16. Qc1 $1) 16. Qxd4 Qf5 $8 17. Qxc4 Bd5 (17... Rd8 18. b3 $1 O-O 19. a3) 18.
Qb5+ Kf8 19. Nfd2 Bxa2+ 20. Ka1 {White parries Black's threats, keeping a
material advantage.}) 15... Bxb4 16. Nxf6+ Kd8 17. Re4 Qf5 18. Ne5 Bc6 $1 (
18... Be7 $143 19. Nxf7+ Kc8 (19... Kc7 20. Bg3+ Kc8 21. Bxc4 $36) 20. Bxc4 Rf8
21. Bxe6 $1 Qxe4+ 22. Nxe4 Bxe6 23. Bxe7 Rxf7 24. Nd6+ Kd7 25. Nxf7 Kxe7 26.
Ne5 Kd6 27. Nf3 Bf5+ 28. Ka1 d3 $44) 19. g4 Qxe5 $1 (19... Bxe4+ $4 20. Nxe4+)
20. Rxe5 Bxh1 21. Nd5+ Kd7 22. Nxb4 d3 $15 {[%csl Gd3] In this (still crazy)
position Black should be better due to his strong d3-pawn.} 23. a4 $6 (23. Bf6
$142 $1 Rhg8 (23... Rhc8 24. a4) 24. g5 a5 $140 25. Nxd3 cxd3 26. Bxd3 {
regaining the h7-pawn with decent counterplay.}) 23... Rhg8 24. h3 f5 $1 {
That's the point! The initiative on the kingside now belongs to Black.} 25. Bg3
a5 26. Na2 fxg4 $2 (26... h5 $142 $1 {- in fact, not an easy move to find -}
27. gxh5 (27. gxf5 exf5 28. Rxf5 $2 d2 29. Kc2 Be4+) (27. Nc3 $5 hxg4 $1 28. h4
Raf8 29. Bf4 Rh8 30. Bg5 f4 $19) 27... f4 $1 28. Bh2 Bg2 29. Bxg2 Rxg2 30. Bxf4
Rxf2 {(S.Zagrebelny)} {e.g.} 31. Be3 Rf1+ 32. Nc1 Re1 33. Re4 e5 $1 34. Rxe5
Kd6 35. Re4 Kd5 36. Re7 Rd8 $19 {[%cal Rd3d2]}) 27. Nc3 $1 {White now
consolidates his pieces and obtains counterplay.} Raf8 28. Rc5 Rxf2 $2 {
An interesting but unsuccessful attempt.} (28... Rc8 $142 29. Rxa5 $13) 29.
Bxf2 Rf8 30. Nd1 Bf3 $2 (30... g3 31. Rxc4 gxf2 32. Rd4+ Ke7 33. Kc1 $1 $16)
31. Ne3 $18 {[%mdl 1024]} Bd5 32. Be1 $2 {It is now White who misses a victory
this time.} (32. Bg1 $1 Rf3 33. hxg4 Rg3 34. Nxd5 Rxg1 35. Ne3 $18 {- two
extra pieces are more than enough!}) 32... Rf3 {Again it is Black who regains
the missing material and starts playing for a win! Fortunately, White has
enough defensive resources.} 33. Bd2 b6 34. Rb5 Rf2 (34... gxh3 35. Bxh3 Rxh3
36. Nxd5 exd5 37. Rxd5+ Kc6 38. Rd4 Kc5 39. Rf4 {, and White should not lose.})
35. Be1 Rf3 36. Bd2 Rf2 1/2-1/2

[Event "WchT 7th"]
[Site "Bursa"]
[Date "2010.01.05"]
[Round "1.2"]
[White "Leitao, Rafael Duailibe"]
[Black "Morozevich, Alexander"]
[Result "1/2-1/2"]
[WhiteElo "2620"]
[BlackElo "2732"]
[Annotator "Krasenkow,M"]
[PlyCount "63"]
[EventDate "2010.01.05"]
[EventType "team-tourn"]
[EventRounds "9"]
[EventCountry "TUR"]
[SourceTitle "CBM 134"]
[Source "ChessBase"]
[SourceDate "2010.01.18"]
[SourceVersion "1"]
[SourceVersionDate "2010.01.18"]
[SourceQuality "1"]
[WhiteTeam "Brazil"]
[BlackTeam "Russia"]
[WhiteTeamCountry "BRA"]
[BlackTeamCountry "RUS"]

1. d4 Nf6 2. c4 e6 3. Nf3 d5 4. Nc3 dxc4 5. e4 Bb4 6. Bg5 c5 7. Bxc4 cxd4 8.
Nxd4 Bxc3+ 9. bxc3 Qa5 10. Bb5+ Bd7 11. Bxf6 gxf6 12. Bxd7+ Nxd7 13. O-O Qxc3
$6 {A rare continuation considered risky but almost untested in practice.} (
13... a6 {is usually played.}) 14. Qa4 {White's other options, apparently more
dangerous for Black, are still waiting for tests:} (14. Nb5 Qc6 15. Nd6+ (15.
a4 Nc5) 15... Ke7 16. Nxf7 $1 Rhc8 $1 (16... Kxf7 $2 17. Rc1 Qb5 18. a4) 17.
Qh5 Qxe4 $13) (14. Rb1 $5 Rd8 $1 (14... O-O $2 15. Nxe6) 15. Nb5 Qc6 16. Nd6+
Kf8 17. Qd4 $36) (14. Rc1 $5 Qb4 15. a3 Qa5 16. Qg4 $36) 14... O-O $1 15. Qxd7
$6 {Practically forcing a draw.} (15. Nxe6 $142 Nb6 $1 (15... fxe6 16. Qxd7 Qc6
17. Qxc6 bxc6 18. Rac1 $14) 16. Qd4 Rfc8 $1 (16... Qxd4 17. Nxd4 Rfd8 18. Nf5
$16 {1-0 Antic,D (2460)-Zontakh,A (2545)/Jagodina 1998/CBM 065 ext (73)}) 17.
Qxc3 Rxc3 18. Nf4 Kg7 $14 {P.Masic}) 15... Rad8 16. Qxb7 Qxd4 $11 17. Rab1 Rd7
18. Qc6 $146 {This "novelty" changes nothing, of course.} (18. Qb2 Rc8 19. Rfe1
$11 {Damjanovic,D (2247)-Masic,P (2399)/Beograd 2001/Inf 80/[Masic,P]}) 18...
Rfd8 19. h3 Qe5 20. f4 Qa5 21. f5 Rc7 22. Rb5 Rxc6 23. Rxa5 a6 24. fxe6 Rxe6
25. Rf3 Rd1+ 26. Kh2 Re1 27. Rfa3 R1xe4 28. Rxa6 f5 29. R6a5 Rg6 30. Rxf5 Re2
31. Rg3 Rxg3 32. Kxg3 1/2-1/2

[Event "EU-ch 8th"]
[Site "Dresden"]
[Date "2007.04.08"]
[Round "6"]
[White "Markus, Robert"]
[Black "Vallejo Pons, Francisco"]
[Result "1-0"]
[WhiteElo "2560"]
[BlackElo "2679"]
[Annotator "Krasenkow,M"]
[PlyCount "67"]
[EventDate "2007.04.03"]
[EventType "swiss"]
[EventRounds "11"]
[EventCountry "GER"]
[SourceTitle "CBM 118"]
[Source "ChessBase"]
[SourceDate "2007.05.31"]
[SourceVersion "1"]
[SourceVersionDate "2007.05.31"]
[SourceQuality "1"]

1. d4 Nf6 2. c4 e6 3. Nf3 d5 4. Nc3 Bb4 5. Qa4+ Nc6 6. Bg5 dxc4 7. a3 Bxc3+ 8.
bxc3 Qd5 9. Bxf6 gxf6 {About this line - see CBM 103, annotations by GM Z.
Ribli to Zhao Xue - Zayac} 10. Qc2 $6 {This voluntary retreat can't be good.} (
10. g3) (10. Nd2) (10. e3 {are the other moves seen in practice. Black should
be OK in any case.}) 10... Na5 $6 $146 {Hardly a successful novelty putting
the knight to the edge of the board and allowing e2-e4. Remarkably, even then
White's compensation for the pawn is quite dubious.} (10... f5 {is normal. In
the previous games White failed to prove anything:} 11. g3 b6 12. Bg2 Bb7 13.
O-O (13. e3 O-O-O 14. O-O Na5 15. Qe2 h5 16. Rfb1 Qe4 17. Rb2 f6 18. Rd1 Qg4
19. h3 Qg8 $17 {1-0 Roynet,S-Abdala,H/ICCF Email 2000/Telechess CBM 108 (58)})
13... O-O-O 14. Nh4 (14. a4 Na5 15. Rfb1 a6 16. Nh4 Qd6 17. e4 fxe4 18. Bxe4
Nb3 19. Ra2 Rd7 20. Nf3 f6 21. Re1 Bd5 22. Qe2 Qc6 23. Bxd5 Qxd5 24. Nh4 e5 $15
{0-1 Vadasz,L-Lukacs,P/Budapest 1996/CBM 052 ext (36)}) 14... Qd7 15. e4 fxe4
16. Bxe4 Na5 17. Bxb7+ Kxb7 18. Rfe1 Qc6 19. Qe2 Rhe8 20. Qh5 f6 21. Qxh7 e5
22. dxe5 Nb3 23. Rab1 Rxe5 24. Rxe5 fxe5 25. Qe7 Qe4 $17 {0-1 Kramnik,
V-Ivanchuk,V/Wijk aan Zee 1999/CBM 068 ext (52)}) 11. e4 Qc6 12. Be2 b6 13. d5
$5 (13. O-O Bb7 14. d5 exd5 15. Nd4 Qd7 {and Black successfully castles long.
Since White has not provoked ...b7-b5, the position of the black king will be
very safe on the queenside.}) 13... Qc5 {Here, too,} (13... exd5 14. Nd4 Qd7
15. exd5 Bb7 {was quite possible. If} 16. Qe4+ {then simply} Qe7) 14. O-O Bd7
15. dxe6 fxe6 16. e5 f5 17. Ng5 Rg8 18. Bh5+ Ke7 {White has prevented Black's
castling but Black has successfully developed his pieces.} 19. Qd2 Qxe5 $2 {
[%mdl 16384] But this move, opening an important file against his own king, is
too bold.} (19... Nb3 $2 20. Qf4 Nxa1 {didn't work due to} 21. Rd1 $18 {
[%csl Re7][%cal Rf4h4,Rg5h7] but}) (19... Bc6 $1 {was quite strong, e.g.} 20.
Nf3 (20. Qf4 Bxg2 $1 21. Kxg2 h6 22. h4 Rad8) (20. Bf3 $2 h6 21. Bxc6 Qxc6)
20... Bxf3 21. Bxf3 Rad8 22. Qf4 (22. Qh6 Qxe5) 22... Kd7 {[%cal Yd7c8]
completing artificial castling and keeping a healthy extra pawn.}) 20. Rad1 {
[%mdl 128]} Qd6 $2 (20... Rad8 21. Nf7 $16 {was a lesser evil. After the text
move White's attack is irresistible.}) 21. Qe3 f4 (21... Qc6 22. Bf3 Qb5 23.
Bxa8 Rxa8 24. Rfe1 Qc6 25. Qh3 $18) 22. Qe4 Rxg5 {desperation.} 23. Qxh7+ Kd8
24. Rxd6 cxd6 25. h4 Rc5 26. Qh8+ Kc7 27. Qxa8 Rxh5 28. Qxa7+ Kc6 29. Qa8+ Kc7
30. g3 Nc6 31. Rd1 d5 32. Qf8 Rf5 33. Qg7 Kd6 34. g4 1-0

[Event "Dortmund SuperGM 38th"]
[Site "Dortmund"]
[Date "2010.07.25"]
[Round "10"]
[White "Leko, Peter"]
[Black "Naiditsch, Arkadij"]
[Result "1-0"]
[WhiteElo "2734"]
[BlackElo "2684"]
[Annotator "Krasenkow,M"]
[PlyCount "119"]
[EventDate "2010.07.15"]
[EventType "tourn"]
[EventRounds "10"]
[EventCountry "GER"]
[EventCategory "20"]
[SourceTitle "CBM 138"]
[Source "ChessBase"]
[SourceDate "2010.09.17"]
[SourceVersion "1"]
[SourceVersionDate "2010.09.17"]
[SourceQuality "1"]

1. d4 Nf6 2. c4 e6 3. Nf3 d5 4. Nc3 dxc4 5. e4 Bb4 6. Bg5 c5 7. Bxc4 cxd4 8.
Nxd4 Bxc3+ 9. bxc3 Qa5 10. Bb5+ Bd7 11. Bxf6 gxf6 12. Bxd7+ Nxd7 13. O-O a6 14.
Rb1 Qc7 15. Qh5 Nc5 16. Rb4 Qe5 {For this line - see CBM 131, annotations to
Kramnik - Naiditsch.} 17. Qh4 (17. Qh6 {is the main alternative.}) 17... Rd8 (
17... Qg5 18. Qh3 h5 $1 (18... Rg8 $6 19. g3 (19. Rc4 b5 20. Rxc5 Qxc5 21. Nxe6
fxe6 22. Qxe6+ Kf8 23. Qxf6+ Ke8 24. Qe6+ {1/2 Khismatullin,D (2584)-Nielsen,P
(2629)/Plovdiv 2008/CBM 124}) 19... h5 20. Rc4 Rc8 21. Nxe6 (21. Nb3 b6 22.
Nxc5 Rxc5 23. f4 Qg4 24. Qxg4 hxg4 25. Rxc5 bxc5 26. Rb1 Kf8 27. f5 Kg7 28.
fxe6 fxe6 29. Rb6 e5 30. Rxa6 Rd8 $11 {1/2 Werle,J (2582)-Macieja,B (2600)/
Germany 2008/CBM 126 Extra (36)}) 21... fxe6 22. Rxc5 Rxc5 23. Qxe6+ Kf8 24.
Rd1 Kg7 25. h4 Qg6 26. Qe7+ Kh6 27. Qxc5 Qxe4 28. Rd6 $18 {1-0 Meier,G (2664)
-Acs,P (2550)/Paks 2009/CBM 133 (39)}) (18... Qe5 19. Re1 Rd8 20. Qe3 Rg8 21.
Nf3 $1 Qc7 22. Rd4 Nd7 23. Red1 Ke7 24. g3 $14 {1/2 Gelfand,B (2736)-Jakovenko,
D (2710)/Moscow 2007/CBM 122 (42)}) 19. Rc4 (19. f4 Qg4 20. Qe3 Rg8 21. Rb2 Rc8
22. Rd2 h4 23. Nf3 h3 24. g3 Kf8 25. Rd4 Kg7 26. Rfd1 {1/2 Sasikiran,K (2684)
-Macieja,B (2606)/Warsaw 2008/CBM 126}) 19... Rc8 20. Nb3 b6 21. Nxc5 Rxc5 22.
Qd3 O-O 23. f4 Qg6 24. f5 Qg5 25. Rxc5 bxc5 26. Qxa6 (26. Kh1 $5) 26... Qe3+
27. Kh1 Qxe4 $11 {1/2 Meier,G (2558)-Macieja,B (2600)/Kallithea 2008/CBM 127 
(37)}) 18. f4 $5 $146 ({After} 18. Nf3 Qxc3 19. e5 {Black apparently holds his
ground:} Rg8 $1 (19... f5 $143 20. Rc4 Qa5 21. Ng5 $1 Ne4 22. Rxe4 fxe4 23. Qf4
Rf8 24. Nxh7 Rh8 25. Ng5 Rf8 26. Nxe4 $16 {1-0 Tkachiev,V (2661)-Balogh,C 
(2562)/Khanty Mansiysk 2007/CBM 122 (30)}) 20. Qxh7 Kf8 (20... Ke7 21. Rf4 f5
22. Qh4+ Ke8 23. g3 Ne4 24. Rxe4 fxe4 25. Qxe4 Rd5 26. Qf4 Qc2 27. Ng5 Qf5 28.
Qxf5 exf5 29. Nh7 Rg6 30. Nf6+ Rxf6 31. exf6 Rd6 32. Re1+ Kf8 33. Re5 Rxf6 {
1/2 Gelfand,B (2733)-Aronian,L (2754)/Nalchik 2009/CBM 130}) 21. Rf4 f5 22.
Qh6+ Ke8 23. Qh7 Kf8 24. Ng5 Rxg5 25. Qh4 Ne4 26. Rxe4 fxe4 27. Qxg5 Rd5 $1 $11
{1/2 Radjabov,T (2740)-Leko,P (2735)/Astrakhan RUS 2010/The Week in Chess 810 
(31)}) 18... Qxe4 19. Re1 Qd5 $6 {Probably the least fortunate retreat. The
queen is surprisingly passive in the centre!} (19... Qd3 {and}) (19... Qg6 {
need detailed analysis.}) 20. Qxf6 Rg8 21. g3 Rg6 (21... Ne4 22. Qh4 Nxc3 23.
Qxh7 Kf8 24. f5 $1 $40) 22. Qh8+ Ke7 23. Qe5 Qxe5 (23... Rd7 24. f5 Rf6 25. Qe3
$36) 24. Rxe5 Rc8 $6 (24... Rd5 25. Rxd5 exd5 {leads to a positional plus for
White but the text move loses a pawn.}) 25. Nb3 $1 Nd3 {It is hard to say
whether it was better to go for a rook ending:} (25... Nxb3 26. Rxb7+ Kf6 27.
Rxb3 {In both cases White has winning chances, and Black has drawing chances.})
26. Rxb7+ Kf8 27. Rh5 $1 Rg7 28. f5 $1 Nf4 (28... Rxc3 $4 29. f6) 29. Rh4 Ne2+
30. Kf2 Nxc3 31. fxe6 fxe6 32. Rxh7 Rxb7 33. Rxb7 {[%mdl 4096]} e5 (33... Nxa2
$6 34. h4 e5 35. h5 {, and the white pawns are stronger.}) 34. Rb6 Nxa2 35.
Rxa6 Rc2+ 36. Kg1 Nc3 37. Rf6+ $1 Kg7 38. Rf2 Ne2+ 39. Kg2 Kg6 40. Na5 (40. Nc1
Nf4+ $1 41. gxf4 Rxc1 42. fxe5 Re1 $11) 40... Kh5 41. Nb7 (41. Nc6 Nf4+ $1 42.
gxf4 Rxc6 43. fxe5 Re6 44. Re2 Kg4 $11) 41... e4 42. Kf1 Nd4 43. Rxc2 Nxc2 44.
h3 Nd4 45. Kf2 Ne6 46. Nd6 Ng5 47. Kg2 e3 48. g4+ Kg6 49. Nc4 e2 50. Ne5+ Kh6 (
50... Kf6 $5 51. Nd3 Ne4 {, and White can hardly win, e.g.} 52. h4 Nc5 53. Ne1
Nd7 54. Kf2 Ne5 55. Kg3 Kg7 56. Kf4 Ng6+ 57. Kg5 Nf8 {- he can't make progress
without his knight.}) 51. Nd3 Nf7 (51... Ne4 $1 52. h4 Nc5 53. Ne1 Nd7 54. Kf2
Ne5 55. Kg3 Kg7 $1 {- see previous line.}) 52. Kf2 Kg5 53. Kg3 Ne5 54. Ne1 Kg6
55. Kf4 {Surprisingly, the king is worse placed on g6 than on g7!} Kf6 56. Ke4
Ng6 $2 {Black finally goes astray.} (56... Nf7 $1 57. Ke3 Ng5 $1 58. h4 Nf7 59.
Kf4 (59. Kxe2 Ne5 60. g5+ Kf5 $11 {[%cal Yf5g4]}) 59... Kg7 {- even here I
don't see a win for White!}) 57. Ke3 Kg5 58. Nf3+ Kf6 59. Kf2 Nf4 60. h4 {
[%cal Rf2e3] Black loses his e2-pawn without blocking White's passed pawns.
Then White wins easily.} 1-0